Central Library OPAC University of Rajshahi

A bibliographical survey of flow through orifices and parallel-throated nozzles / (Record no. 71081)

MARC details
000 -LEADER
fixed length control field 00808nam a2200241 a 4500
001 - CONTROL NUMBER
control field 71081
003 - CONTROL NUMBER IDENTIFIER
rucl marc code BD-RjUL
005 - DATE AND TIME OF LATEST TRANSACTION
control field 20211209082057.0
008 - FIXED-LENGTH DATA ELEMENTS--GENERAL INFORMATION
fixed length control field 170424s1952 enka b 000 0 eng d
035 ## - SYSTEM CONTROL NUMBER
System control number (BD-RjUL)71296
040 ## - CATALOGING SOURCE
Original cataloging agency DLC/ICU
Transcribing agency CGU
Modifying agency EQO
-- BD-RjUL
Language of cataloging eng
041 ## - LANGUAGE CODE
Language code of text/sound track or separate title eng
082 04 - DEWEY DECIMAL CLASSIFICATION NUMBER
Classification number 016.532
Edition number 23
Author mark and year REB 1952
100 1# - MAIN ENTRY--PERSONAL NAME
Personal name Redding, Thomas Henry.
9 (RLIN) 210315
245 12 - TITLE STATEMENT
Title A bibliographical survey of flow through orifices and parallel-throated nozzles /
Statement of responsibility, etc. Thomas Henry Redding.
260 ## - PUBLICATION, DISTRIBUTION, ETC. (IMPRINT)
Place of publication, distribution, etc. London :
Name of publisher, distributor, etc. Chapman & Hall,
Date of publication, distribution, etc. 1952.
300 ## - PHYSICAL DESCRIPTION
Pagination ix, 196 p. :
Illustrations ill. ;
Size 26 cm.
490 1# - SERIES STATEMENT
Series statement B.S.I.R.A. Research publication
Volume/sequential designation M.9
650 #0 - SUBJECT ADDED ENTRY--TOPICAL TERM
Topical term or geographic name as entry element Bibliography
General subdivision Fluid dynamics
9 (RLIN) 210316
Topical term or geographic name as entry element Fluid dynamics
9 (RLIN) 210316
830 #0 - SERIES ADDED ENTRY--UNIFORM TITLE
Uniform title B.S.I.R.A. research publication ;
Volume number/sequential designation M.9.
942 ## - ADDED ENTRY ELEMENTS (KOHA)
Source of classification or shelving scheme Dewey Decimal Classification
Koha item type Books
Holdings
Lost status Source of classification or shelving scheme Damaged status Not for loan Collection code Permanent Location Current Location Shelving location Date acquired Source of acquisition Cost, normal purchase price Total Checkouts Full call number Date last seen Copy number Koha item type
  Dewey Decimal Classification   Not For Loan Non-fiction Central Library, University of Rajshahi Central Library, University of Rajshahi Reading Room 02/11/1956 ABC 26.60   016.532 REB 1952 24/04/2017 C-1 Books